Atlas elemental de las plantas /

Guardado en:
Autor Principal: Quitllet Sabater, R
Formato: Libro
Publicado: Barcelona : Jover, 1977
Materias:
Etiquetas: Agregar Etiqueta
Sin Etiquetas, Sea el primero en etiquetar este registro!
LEADER 00455nam a22001575a 4500
001 CEM.cems016605
005 20130320165253.0
008 130507s1977##################000#0#####d
003 CEMS
020 |a 8470930931 
082 0 4 |a 580.912 
100 1 |a Quitllet Sabater, R 
245 1 0 |a Atlas elemental de las plantas /  |c R Quitllet Sabater, 
260 |a Barcelona :  |b Jover,  |c 1977 
653 |a Botánica 
859 |a CEMS  |b BIB. CEMS - Agricultura  |h 580.912  |i Q488  |p A10906.82  |t Ej.1